[Event "Mogi Guacu op"]
[Site "Mogi Guacu"]
[Date "2022.04.30"]
[Round "3"]
[White "Nascimento, Expedito Santana"]
[Black "Ferreira, Gabriel Duque"]
[Result "1/2-1/2"]
[WhiteElo "1487"]
[BlackElo "1836"]
[PlyCount "54"]
[EventDate "2022.04.29"]
[EventType "swiss"]
[EventRounds "6"]
[EventCountry "BRA"]
[SourceTitle "CBM 208 Extra"]
[Source "ChessBase"]
[SourceDate "2022.07.31"]
[SourceVersion "1"]
[SourceVersionDate "2022.07.31"]
[SourceQuality "1"]

1. d4 Nf6 2. Nf3 g6 3. Bf4 Bg7 4. e3 0-0 5. Be2 c5 6. c3 b6 7. 0-0 Bb7 8. Nbd2 d6 9. Qc2 Nbd7 10. dxc5 bxc5 11. Nc4 Qc7 12. Rfd1 Rfe8 13. h3 e5 14. Bh2 d5 15. Na3 Qc6 16. Bb5 Qb6 17. Be2 a6 18. Nb1 Qc6 19. Nbd2 d4 20. cxd4 exd4 21. Nf1 Nd5 22. exd4 Nb4 23. Qd2 Rad8 24. a3 Nd5 25. dxc5 Nxc5 26. Qc2 Qb6 27. Bc4 Ne4 1/2-1/2

[Event "Mogi Guacu op"]
[Site "Mogi Guacu"]
[Date "2022.04.30"]
[Round "2"]
[White "Nascimento, Expedito Santana"]
[Black "Silva de Oliveira, Luiz Fernando"]
[Result "1-0"]
[WhiteElo "1487"]
[BlackElo "1793"]
[PlyCount "77"]
[EventDate "2022.04.29"]
[EventType "swiss"]
[EventRounds "6"]
[EventCountry "BRA"]
[SourceTitle "CBM 208 Extra"]
[Source "ChessBase"]
[SourceDate "2022.07.31"]
[SourceVersion "1"]
[SourceVersionDate "2022.07.31"]
[SourceQuality "1"]

1. b4 d5 2. Bb2 c6 3. d3 Na6 4. a3 e6 5. Nd2 d4 6. Ngf3 c5 7. b5 Nc7 8. a4 a6 9. bxa6 Nxa6 10. c3 c4 11. dxc4 dxc3 12. Bxc3 Nf6 13. e3 Bc5 14. Bd3 0-0 15. 0-0 Bb4 16. Qc2 Ng4 17. Bxh7+ Kh8 18. h3 Bxc3 19. Ra3 Bxd2 20. Rd3 Nxe3 21. Rxd8 Rxd8 22. fxe3 Bxe3+ 23. Kh1 Rd6 24. Qc3 Kxh7 25. Qxe3 Nb4 26. Qc5 Rc6 27. Qxb4 b6 28. Ne5 Rc7 29. Qxb6 Rb7 30. Qd8 f6 31. Qd3+ Kg8 32. Ng4 Rxa4 33. Qd8+ Kh7 34. Qxc8 Rbb4 35. Qxe6 Rxc4 36. Qf5+ g6 37. Qd7+ Kh8 38. Nxf6 Rf4 39. Qh7# 1-0